L'opera completa di Piero della Francesca
Saved in:
| Main Author: | |
|---|---|
| Other Authors: | , |
| Format: | Book |
| Language: | Italian |
| Published: |
Milano :
Rizzoli Editore,
1981
|
| Series: | Classici dell' arte ;
; 9 |
| Subjects: | |
| Tags: |
Add Tag
No Tags, Be the first to tag this record!
|
MARC
| LEADER | 00000cam a2200000 i 4500 | ||
|---|---|---|---|
| 001 | 1/43035 | ||
| 008 | 961104s1981 ita d | ||
| 035 | |l 10025697 | ||
| 040 | |a GR-MY-UA |b gre |e aacr | ||
| 041 | 0 | |a ita | |
| 082 | 0 | |a 759.5 | |
| 100 | 0 | |a Piero, |c della Francesca, |d 1416?-1492. | |
| 245 | 1 | 0 | |a L'opera completa di Piero della Francesca / |c presentazione di Oreste del Buono, apparati critici e filologici di Pierluigi de Vecchi |
| 260 | |a Milano : |b Rizzoli Editore, |c 1981 | ||
| 300 | |a 112 σ. |b εικ. | ||
| 490 | 1 | |a Classici dell'arte |v ; 9 | |
| 504 | |a Περιλαμβάνει ευρετήριο | ||
| 600 | 0 | 0 | |a Piero, |c della Francesca, |d 1416?-1492. |
| 650 | 0 | 0 | |a Painting, Italian. |
| 700 | 1 | |a Del Buono, Oreste, |d 1923-2003. |4 aui | |
| 700 | 1 | |a De Vecchi, Pierluigi. |4 edt | |
| 830 | 0 | |a Classici dell' arte ; |v ; 9 | |
| 852 | |a INST |b CHIOS |e 19961104 |h 759.5 PIE |p 005200011114 |q 005200011114 |t BK |y 0 | ||
| 909 | |a Χ |b 047758 | ||